Central Library OPAC University of Rajshahi

A basic course in statistics : (Record no. 35270)

MARC details
000 -LEADER
fixed length control field 01028cam a22003011 4500
001 - CONTROL NUMBER
control field 35270
003 - CONTROL NUMBER IDENTIFIER
rucl marc code BD-RjUL
005 - DATE AND TIME OF LATEST TRANSACTION
control field 20211209052305.0
008 - FIXED-LENGTH DATA ELEMENTS--GENERAL INFORMATION
fixed length control field 140520s1968 nyua s 001 0 eng
020 ## - INTERNATIONAL STANDARD BOOK NUMBER
International Standard Book Number 003048300X
035 ## - SYSTEM CONTROL NUMBER
System control number (BD-RjUL)35364
040 ## - CATALOGING SOURCE
Original cataloging agency DLC
Transcribing agency DLC
Modifying agency BD-RjUL
Language of cataloging eng
041 ## - LANGUAGE CODE
Language code of text/sound track or separate title eng
082 00 - DEWEY DECIMAL CLASSIFICATION NUMBER
Classification number 519.5
Author mark and year ANB 1968
100 1# - MAIN ENTRY--PERSONAL NAME
Personal name Anderson, Theodore R.
9 (RLIN) 107448
245 12 - TITLE STATEMENT
Title A basic course in statistics :
Statement of responsibility, etc. Theodore R. Anderson and Morris Zelditch, Jr.
Remainder of title with sociological applications /
250 ## - EDITION STATEMENT
Edition statement 2nd ed.
260 ## - PUBLICATION, DISTRIBUTION, ETC. (IMPRINT)
Place of publication, distribution, etc. New York :
Name of publisher, distributor, etc. Holt, Rinehart, and Winston,
Date of publication, distribution, etc. c1968.
300 ## - PHYSICAL DESCRIPTION
Pagination xvii, 334 p. :
Illustrations ill. ;
Size 24 cm.
490 0# - SERIES STATEMENT
Series statement International series in decision processes
500 ## - GENERAL NOTE
General note First ed., by Morris Zelditch, Jr., published in 1959 under title: A basic course in sociological statistics.
504 ## - BIBLIOGRAPHY, ETC. NOTE
Bibliography, etc Includes index.
650 #0 - SUBJECT ADDED ENTRY--TOPICAL TERM
Topical term or geographic name as entry element Statistics.
9 (RLIN) 107449
700 1# - ADDED ENTRY--PERSONAL NAME
Personal name Zelditch, Morris,
Relator term joint author.
942 ## - ADDED ENTRY ELEMENTS (KOHA)
Source of classification or shelving scheme Dewey Decimal Classification
Koha item type Books
Holdings
Lost status Source of classification or shelving scheme Damaged status Not for loan Collection code Permanent Location Current Location Shelving location Date acquired Source of acquisition Total Checkouts Full call number Date last seen Copy number Koha item type Cost, normal purchase price
  Dewey Decimal Classification     Non-fiction Central Library, University of Rajshahi Central Library, University of Rajshahi   12/10/1973 U. S. Govt.   519.5 ANB 1968 22/05/2014 C-8 Books  
  Dewey Decimal Classification     Non-fiction Central Library, University of Rajshahi Central Library, University of Rajshahi   12/10/1973 USA Govt, Gift.   519.5 ANB 1968 22/05/2014 C-6 Books  
  Dewey Decimal Classification     Non-fiction Central Library, University of Rajshahi Central Library, University of Rajshahi   12/10/1973 us gov. gift   519.5 ANB 1968 24/05/2014 C-4 Books  
  Dewey Decimal Classification     Non-fiction Central Library, University of Rajshahi Central Library, University of Rajshahi   12/10/1973 U. S. Govt. Gift   519.5 ANB 1968 29/05/2014 C-5 Books 0.00
  Dewey Decimal Classification   Not For Loan Non-fiction Central Library, University of Rajshahi Central Library, University of Rajshahi Reading Room 12/10/1973 US Govt.   519.5 ANB 1968 12/06/2014 C-1 Books  
  Dewey Decimal Classification     Non-fiction Central Library, University of Rajshahi Central Library, University of Rajshahi   12/10/1973 US Govt.   519.5 ANB 1968 12/06/2014 C-10 Books  
  Dewey Decimal Classification     Non-fiction Central Library, University of Rajshahi Central Library, University of Rajshahi   12/10/1973 US Govt.   519.5 ANB 1968 12/06/2014 C-3 Books  
  Dewey Decimal Classification     Non-fiction Central Library, University of Rajshahi Central Library, University of Rajshahi   12/10/1973 US Govt.   519.5 ANB 1968 12/06/2014 C-9 Books  
  Dewey Decimal Classification     Non-fiction Central Library, University of Rajshahi Central Library, University of Rajshahi   12/10/1973 US govt   519.5 ANB 1968 14/09/2015 C-7 Books  
  Dewey Decimal Classification     Non-fiction Central Library, University of Rajshahi Central Library, University of Rajshahi   12/10/1973 U.S. Govt.   519.5 ANB 1968 24/05/2017 C-2 Books